Statistics for Every NFL teams best tight end ever

Click here to take the quiz!

General Stats

  • This quiz has been taken 51 times
    (35 since last reset)
  • The average score is 11 of 32

Answer Stats

TeamTE% Correct
KANTony Gonzalez
100%
ATLTony Gonzalez
100%
LACAntonio Gates
83%
NEPRob Gronkowski
79%
NOSJimmy Graham
72%
CARGreg Olsen
69%
DALJason Witten
69%
DENShannon Sharpe
66%
PHIZach Ertz
66%
CLEOzzie Newsome
52%
CHIMike Ditka
48%
LVRDave Casper
38%
JAXMarcedes Lewis
38%
ARIJackie Smith
34%
WASJerry Smith
34%
SFFGeorge Kittle
21%
NYGMark Bavaro
21%
INDJohn Mackey
17%
MINSteve Jordan
17%
DETCharlie Sanders
14%
TENFrank Wycheck
14%
BALTodd Heap
14%
TBBJimmie Giles
10%
CINBob Trumpy
3%
HOUOwen Daniels
3%
NYJRichard Caster
3%
LARBilly Truax
0%
MIABruce Hardy
0%
PITElbie Nickel
0%
BUFErnie Warlick
0%
SEAMike Trice
0%
GBPPaul Coffman
0%

Score Distribution

Percentile by Number Answered

Percent of People with Each Score

Your Score History

You have not taken this quiz since the last reset